书目信息 |
| 书名: | Creative Ideas For Kids' Rooms | |
| 作者: | Sieta Lambrias | |
| 分册号: | ||
| 分册名: | 出版地: | China |
|
| 出版社: | Octopus Books | |
| 出版时间: | 2007 | |
| 页数: | 144p | |
| 开本: | 26cm | |
| 丛书名: | ||
| 中图分类号: | ||
| 科图分类号: | ||
| 其他分类号: | TU241 | |
| 主题词: | ||
| 电子资源: | ||
| 000 | 00398nam0 2200145 450 | |
| 001 | 202012002576 | |
| 005 | 20121128172520.0 | |
| 008 | 12112801s | |
| 020 | @a9780600614951@c$14.95@bhard | |
| 099 | @dTU241@eS573 | |
| 245 | 10 | @aCreative Ideas For Kids' Rooms @cSieta Lambrias |
| 260 | 0 | @aChina@bOctopus Books@c2007 |
| 300 | @a144p@c26cm | |
| 905 | @b13225-6 | |
| 905 | @aTSG@dTU241@eS573 | |
| Creative Ideas For Kids' Rooms / Sieta Lambrias.-China : Octopus Books , 2007 |
| 144p ; 26cm |
| ISBN 9780600614951hard$14.95 |
| ● |
| 相关链接 |
|
|
|
正题名:Creative Ideas For Kids' Rooms
索取号:TU241/S573
 
预约/预借
| 序号 | 登录号 | 条形码 | 馆藏地/架位号 | 状态 | 备注 |
| 1 | 13225 | 300132256 | 建筑库101/101建筑库 101排7列1层/ [索取号:TU241/S573] | 在馆 | |
| 2 | 13226 | 300132265 | 建筑库101/101建筑库 101排7列1层/ [索取号:TU241/S573] | 在馆 |